| 000 | 00381nam a2200145Ia 4500 | ||
|---|---|---|---|
| 008 | 100122s9999 xx 000 0 und d | ||
| 082 |
_b41114 _a794 |
||
| 100 | _aMOTTSMITH G | ||
| 245 | _aTHE HANDY BOOK OF INDOOR GAMES | ||
| 260 |
_bPREMA BOOKS _c1949 |
||
| 300 | _a245 | ||
| 630 | _aTHE HANDY BOOK OF INDOOR GAMES | ||
| 730 | _aTHE HANDY BOOK OF INDOOR GAMES | ||
| 942 | _cBOOK | ||
| 999 |
_c372462 _d372459 |
||